| 000 | 00435nam a2200169Ia 4500 | ||
|---|---|---|---|
| 008 | 231221s9999 xx 000 0 und d | ||
| 020 | _a70495491 | ||
| 041 | _aEnglish | ||
| 082 | _a001.64 LIP;26 | ||
| 100 | _aLipschutz, Seymour | ||
| 245 | 0 | _aTheory and problems of data structures | |
| 260 |
_c1986 _bTata McGraw-Hill _aNew Delhi |
||
| 300 | _a344 | ||
| 440 | _aSchaums outline series | ||
| 650 | _astructures | ||
| 942 | _cBC | ||
| 999 |
_c202023 _d202023 |
||